• 首页
  • 本馆介绍
  • 公告通知
  • 最新文献
  • 馆藏检索
  • 电子资源
  • 读者荐购
  • 参考咨询
  • CALIS
  • 我的图书馆
  • 登录
  • 详细信息显示
  • 放入我的书架
  • 预约/预借图书
  • 作者相关作品
  • 分类相关作品
  • 丛书相关作品
  • 出版社相关作品

书目信息

  • 表格格式
  • 工作单格式
  • 卡片格式
题名:
数字经济
    
 
作者: 吴明杰 , 张腾 著
分册:  
出版信息: 北京   电子工业出版社  2025.03
页数: 12,192页
开本: 23cm
丛书名:
单 册:
中图分类: F49
科图分类:
主题词: 信息经济
电子资源:
ISBN: 978-7-121-49921-0
 
 
 
 
 
000 01020nam0 2200253 450
001 013180298
005 20251022181056.39
010    @a978-7-121-49921-0@dCNY68.00
100    @a20250506d2025 em y0chiy0120 ea
101 0  @achi
102    @aCN@b110000
105    @aa z 000yy
106    @ar
200 1  @a数字经济@9shu zi jing ji@e商业创新与行业变革@f吴明杰,张腾著
210    @a北京@c电子工业出版社@d2025.03
215    @a12,192页@c图@d23cm
330    @a本书首先讲解了数字经济相关理论、技术赋能、构成要素等,便于读者对数字经济建立整体认知;其次从战略转型、组织转型、人才转型、品牌营销转型等方面讲解了数字经济驱动下的企业数字化转型;最后指出了数字经济时代几个主流的产业发展方向,包括数字制造、数字物流、数字零售、数字金融、数字医疗等。
510 1  @aDigital economy@ebusiness innovation and industry transformation@zeng
606 0  @a信息经济
690    @aF49@v5
701  0 @a吴明杰@9wu ming jie@4著
701  0 @a张腾@9zhang teng@4著
801  0 @aCN@c20250910
905    @a河南城建学院图书馆@dF49@eW832@ZW832@f1
    
    数字经济:商业创新与行业变革/吴明杰,张腾著.-北京:电子工业出版社,2025.03
    12,192页:图;23cm
    
    
    ISBN 978-7-121-49921-0:CNY68.00
    本书首先讲解了数字经济相关理论、技术赋能、构成要素等,便于读者对数字经济建立整体认知;其次从战略转型、组织转型、人才转型、品牌营销转型等方面讲解了数字经济驱动下的企业数字化转型;最后指出了数字经济时代几个主流的产业发展方向,包括数字制造、数字物流、数字零售、数字金融、数字医疗等。
●
相关链接 在E读中查询图书 在当当中查询图书 在豆瓣中查询图书


正题名:数字经济     索取号:F49/W832         预约/预借

序号 登录号 条形码 馆藏地/架位号 状态 备注
1 1634289   216342893   社科库409/409社科库 37排5列2层/ [索取号:F49/W832] 在馆    
河南城建学院图书馆 欢迎您!
大连网信软件有限公司© 版权所有